000 00635na a2200217 4500
001 19447
003 MIRAKIL
005 20181213155106.0
008 161214b tu 000 0
020 _a9755123857
040 _aMilas
_btur
_cTR-AnCHP
041 _atur
082 _a379.3060561
_bU48 1999
090 _a379.3060561 U48 1999
245 _aUlusal eğitimde özel okulların yeri ve sorunları
_bPanel tutanağı
_cİstanbul Ticaret Odası
260 _aİstanbul
_bİTO
_c1999
300 _a62 s.
_c24 sm.
650 _aÖzel okullar
_xYönetim ve organizasyon
710 _aİstanbul Ticaret Odası
942 _2ddc
_cBKS
999 _c6365
_d6365